States nations and nationalism (Record no. 767999)

MARC details
000 -LEADER
fixed length control field 00756nam a2200253Ia 4500
003 - CONTROL NUMBER IDENTIFIER
control field OSt
005 - DATE AND TIME OF LATEST TRANSACTION
control field 20220928121752.0
008 - FIXED-LENGTH DATA ELEMENTS--GENERAL INFORMATION
fixed length control field 220927b |||||||| |||| 00| 0 eng d
037 ## - SOURCE OF ACQUISITION
Terms of availability Textual
040 ## - CATALOGING SOURCE
Original cataloging agency SDCL
Transcribing agency SDCL
Language of cataloging eng
041 ## - LANGUAGE CODE
Source of code eng
Language code of text/sound track or separate title eng
100 ## - MAIN ENTRY--PERSONAL NAME
Personal name Schulze Hagen
9 (RLIN) 447698
245 #0 - TITLE STATEMENT
Title States nations and nationalism
Remainder of title From the middle ages to the present
260 ## - PUBLICATION, DISTRIBUTION, ETC.
Place of publication, distribution, etc. Cambridge
Name of publisher, distributor, etc. Blackwell Publishers
Date of publication, distribution, etc. 1994
300 ## - PHYSICAL DESCRIPTION
Extent xiii,376p
Dimensions cm.
490 ## - SERIES STATEMENT
Series statement The making of Europe
700 ## - ADDED ENTRY--PERSONAL NAME
Personal name Yuill William E Tr.
9 (RLIN) 454194
942 ## - ADDED ENTRY ELEMENTS (KOHA)
Classification part Y38.5'N9, N4
Koha item type Textual
Source of classification or shelving scheme Colon Classification (CC)
Holdings
Withdrawn status Lost status Damaged status Not for loan Home library Current library Date acquired Total Checkouts Full call number Barcode Date last seen Price effective from Koha item type
        South Campus Library South Campus Library 2022-09-28   Y38.5'N9 N4 SC1185459 2022-09-28 2022-09-28 Textual
Copyright @ Delhi University Library System